Невинные: [роман]; пер. с англ.

Detalles Bibliográficos
Autor principal: Нэб М. Магдален
Sumario:Во Флоренции весна, и все окружение инспектора Гварначчи настроено довольно легкомысленно и благодушно. Дело, над которым работает инспектор, - убийство молодой женщины, -кажется совершенно рутинным и, вроде бы, не обещает никаких осложнений: не приходится ни утешать убитых горем родственников, ни противостоять давлению со стороны властей, ни прятаться от вездесущих папарацци. Но вдруг ситуация резко меняется. Происходит второе убийство, и Гварначча обвиняет себя в том, что не сумел его предотвратить. Заурядное следствие становится одним из самых напряженных в его жизни.
Lenguaje:ruso
Publicado: Москва, Иностранка, 2007
Colección:Лекарство от скуки
Materias:
Formato: MixedMaterials Libro
KOHA link:https://koha.lib.tpu.ru/cgi-bin/koha/opac-detail.pl?biblionumber=124784

MARC

LEADER 00000nam0a2200000 4500
001 124784
005 20231031131124.0
010 |a 9785941454518 
035 |a (RuTPU)RU\TPU\book\135039 
090 |a 124784 
100 |a 20071107d2007 m y0rusy50 ca 
101 1 |a rus  |c eng 
102 |a RU 
105 |a y z 000ay 
200 1 |a Невинные  |e [роман]  |e пер. с англ.  |f М. Нэб 
210 |a Москва  |c Иностранка  |d 2007 
215 |a 272 с. 
225 1 |a Лекарство от скуки 
330 |a Во Флоренции весна, и все окружение инспектора Гварначчи настроено довольно легкомысленно и благодушно. Дело, над которым работает инспектор, - убийство молодой женщины, -кажется совершенно рутинным и, вроде бы, не обещает никаких осложнений: не приходится ни утешать убитых горем родственников, ни противостоять давлению со стороны властей, ни прятаться от вездесущих папарацци. Но вдруг ситуация резко меняется. Происходит второе убийство, и Гварначча обвиняет себя в том, что не сумел его предотвратить. Заурядное следствие становится одним из самых напряженных в его жизни. 
610 1 |a английская литература 
610 1 |a романы 
610 1 |a детективы 
675 |a 82  |v 3 
700 1 |a Нэб  |b М.  |g Магдален 
801 1 |a RU  |b 63413507  |c 20071107  |g PSBO 
801 2 |a RU  |b 63413507  |c 20080416  |g PSBO 
942 |c BK 
959 |a 78/20071106  |d 1  |e 175,89  |f ХФ:1